Topological nonlinear analysis II : degree, singularity, and variations /

Guardado en:
Autor Corporativo: Topological Analysis Workshop on Degree, Singularity and Variations
Otros Autores: Matzeu, M. (Editor ), Vignoli, Alfonso, 1940- (Editor )
Formato: Libro
Idioma:English
Publicado: Boston : Birkhäuser, c1997.
Series:Progress in nonlinear differential equations and their applications ; v. 27
Etiquetas: Agregar Etiqueta
Sin Etiquetas, Sea el primero en etiquetar este registro!
LEADER 01181nam a22002655a 4500
001 MAT.inmabb000198
008 970702s1997####maua#####b####101#0#eng##
005 20180316162641.0
245 0 0 |a Topological nonlinear analysis II :  |b degree, singularity, and variations /  |c Michele Matzeu, Alfonso Vignoli, editors. 
260 |a Boston :  |b Birkhäuser,  |c c1997. 
300 |a vi, 601 p. ;  |c 25 cm. 
440 0 |a Progress in nonlinear differential equations and their applications ;  |v v. 27 
500 |a Papers presented at the Second Topological Analysis Workshop on Degree, Singularity and Variations, held June 1995 at Villa Tuscolana, Frascati. 
504 |a Includes bibliographical references. 
510 4 |a MR,  |c 97m:58002 
020 |a 0817638865 
020 |a 3764338865 
711 2 |a Topological Analysis Workshop on Degree, Singularity and Variations  |n (2º :  |d 1995 :  |c Frascati, Italia) 
700 1 |a Matzeu, M.  |q (Michele)  |4 edt 
700 1 |a Vignoli, Alfonso,  |d 1940-  |4 edt 
246 3 |a Topological nonlinear analysis 2 
246 3 |a Topological nonlinear analysis two 
084 |a 58-06 (49-06)  |2 msc2000  |9 2000 
010 |a  97167225  
859 |h 58  |i M446-2  |p A-7918  |b BIB. MATEMATICA